• 首页
  • 本馆介绍
  • 公告通知
  • 最新文献
  • 馆藏检索
  • 电子资源
  • 读者导购
  • 参考咨询
  • 我的图书馆
  • 登录
  • 详细信息显示
  • 放入我的书架
  • 预约/预借图书
  • 作者相关作品
  • 分类相关作品
  • 丛书相关作品
  • 出版社相关作品

书目信息

  • 表格格式
  • 工作单格式
  • 卡片格式
题名:
摩托罗拉模式
    
 
作者: ;湘财领导力发展学院 主编
分册:  
出版信息: 北京   中国建材工业出版社  2005
页数: 246页
开本: 21cm
丛书名: 世界顶尖企业特色管理模式
单 册:
中图分类: F471.266
科图分类:
主题词: 工业企业管理
电子资源:
ISBN: 7-80159-827-X
000 01014oam2 2200277 450
001 002863468
005 20061105082247.70
010    @a7-80159-827-X@dCNY22.00
100    @a20050331d2005 em y0chiy0110 ea
101 0  @achi
102    @aCN@b110000
105    @ay z 000yy
200 1  @a摩托罗拉模式@9mo tuo luo la mo shi@e高绩效管理的7个黄金法则@f湘财领导力发展学院主编
210    @a北京@c中国建材工业出版社@d2005
215    @a246页@d21cm
225 2  @a世界顶尖企业特色管理模式@v1
330    @a本书详细介绍了摩托罗拉的“自我承诺”绩效管理模式。并在每一章的后面列举了一些需要特别注明的问题。
461  0 @12001 @a世界顶尖企业特色管理模式
517 1  @a高绩效管理的7个黄金法则@9gao ji xiao guan li de7 ge huang jin fa ze
601 02 @a摩托罗拉公司@c(美国)
601 02 @a摩托罗拉公司@c(美国)@x工业企业管理@x经验
606 0  @a工业企业管理
690    @aF471.266@v4
711 02 @a湘财领导力发展学院@9xiang cai ling dao li fa zhan xue yuan@4主编
801  0 @aCN@bNLC@c20061105
905    @a10447@dF471.266@e37
    
    摩托罗拉模式:高绩效管理的7个黄金法则/湘财领导力发展学院主编.-北京:中国建材工业出版社,2005
    246页;21cm.-(世界顶尖企业特色管理模式;1)
    
    
    ISBN 7-80159-827-X:CNY22.00
    本书详细介绍了摩托罗拉的“自我承诺”绩效管理模式。并在每一章的后面列举了一些需要特别注明的问题。
●
相关链接 在E读中查询图书 在五车中查询图书 在当当中查询图书 在豆瓣中查询图书


正题名:摩托罗拉模式     索取号:F471.266/37         预约/预借

序号 登录号 条形码 馆藏地/架位号 状态 备注
1 0380169   203801699   第一样本阅览室/ [索取号:F471.266/37] 在馆    
2 0380170   203801706   第一借阅区/ [索取号:F471.266/37] 在馆    
3 0380171   203801715   第一借阅区/ [索取号:F471.266/37] 在馆    
4 0380172   203801724   第一借阅区/ [索取号:F471.266/37] 在馆    
5 0380173   203801733   第一借阅区/ [索取号:F471.266/37] 在馆    
唐山师范学院图书馆 欢迎您!
大连网信软件有限公司© 版权所有